000 00903nam a22001937a 4500
999 _c61930
_d61930
003 Ge_BSU
005 20240611171039.0
008 240611s1948 ge ||||| |||| 00| 0 geo d
041 _ageo
080 _a616(063) ე-91
245 _aექსპერიმენტული და კლინიკური ქირურგიისა და ჰემატოლოგიის ინ-ტი :
_bშრომები ტ. 1 /
_cრედ. გრ. მუხაძე.
264 _aთბ. :
_bსაქ. სსრ მეცნ. აკად. გამ-ბა და სტ.,
_c1948.
300 _a142 გვ.;
_b24 სმ.
500 _aპარალ. სათ. რუს. ენაზე
653 _aქირურგია
653 _aჰემატოლოგია
700 _aმუხაძე, გრ.
_eრედაქტორი
_922401
942 _2udc
_cᲬᲘᲒᲜᲘ